[Event "RGSU GM"]
[Site "Moscow RUS"]
[Date "2006.11.18"]
[Round "13"]
[White "Tairova,E"]
[Black "Nebolsina,V"]
[Result "1-0"]
[WhiteElo "2415"]
[BlackElo "2349"]

1.e4 c5 2.Nc3 Nc6 3.Nf3 e5 4.Bc4 Be7 5.d3 d6 6.O-O Nf6 7.Ng5 O-O 8.f4 Bg4
9.Qe1 h6 10.Nf3 Bxf3 11.gxf3 Nh5 12.fxe5 dxe5 13.Nd5 Bh4 14.Qd1 Qd7 15.Be3 Nd4
16.c3 Ne6 17.f4 Nexf4 18.Nxf4 Nxf4 19.Bxf4 exf4 20.Rxf4 Bg5 21.Rf3 Kh8 22.Qf1 Qg4+
23.Kh1 f6 24.Qf2 Rae8 25.Rg1 Qh5 26.Bb5 Re7 27.Rf1 b6 28.Rf5 Rd8 29.Qg3 Qh4
30.Qxh4 Bxh4 31.Rh5 Bg5 32.h4 Be3 33.Rhf5 g5 34.h5 Rd6 35.R5f3 Bf4 36.Bc4 Re5
37.Kg2 Kg7 38.Kh3 f5 39.exf5 Kf6 40.Kg4 Rxf5 41.Re3 Re5 42.Rxe5 Kxe5 43.Re1+ Kf6
44.Re8 Bc1 45.Rf8+ Kg7 46.Rf7+ Kh8 47.Rf8+ Kg7 48.Rf7+ Kh8 49.Kf5 Bxb2 50.Be6 Bxc3
51.Re7 g4 52.Kg6  1-0

[Event "TCh-BEL 2006-7"]
[Site "Belgium BEL"]
[Date "2006.11.19"]
[Round "4"]
[White "Marechal,A"]
[Black "Goossens,E"]
[Result "1/2-1/2"]
[WhiteElo "2304"]
[BlackElo "2219"]

1.e4 c5 2.Nc3 Nc6 3.Bb5 Nd4 4.Bc4 Nf6 5.Nf3 e6 6.O-O a6 7.d3 b5 8.Bb3 Nxb3
9.axb3 Bb7 10.e5 Nd5 11.Ne4 f5 12.exf6 Nxf6 13.Nfg5 h6 14.Nxf6+ Qxf6 15.Ne4 Qf5
16.Qe2 Be7 17.Bd2 O-O 18.Rae1 a5 19.Ra1 a4 20.bxa4 Rxa4 21.Rxa4 bxa4 22.Re1 c4
23.f3 cxd3 24.Qxd3 Qd5 25.Nf2 Rc8 26.c3 Bh4 27.Qxd5 Bxd5 28.Ra1 Bxf2+  1/2-1/2

[Event "19th Belgrade Trophy"]
[Site "Belgrade SRB"]
[Date "2006.11.22"]
[Round "1"]
[White "Radivojevic,Mila"]
[Black "Sredojevic,I"]
[Result "0-1"]
[WhiteElo "2180"]
[BlackElo "2336"]

1.e4 c5 2.Nf3 Nc6 3.Nc3 e5 4.Bc4 d6 5.d3 Be7 6.Ng5 Bxg5 7.Qh5 Be7 8.Qxf7+ Kd7
9.Bg5 Qf8 10.Be6+ Kc7 11.Nd5+ Kb8 12.f4 Qxf7 13.Bxf7 h6 14.Bxe7 Ngxe7 15.f5 Nxd5
16.Bxd5 Nb4 17.Bb3 c4 18.dxc4 a5 19.a4 Bd7 20.Ke2 Bc6 21.Ke3 Na6 22.c3 Bxe4
23.Kxe4 Nc5+ 24.Kd5 Nxb3 25.Ra3 Nc5 26.Kxd6 Nd3 27.Rf1 e4 28.b3 Rd8+ 29.Ke7 Kc7
30.Kf7 Ra6 31.f6 Rxf6+ 32.Rxf6 gxf6 33.Ra2 f5 34.g3 Rd6 35.Re2 Kd7  0-1

[Event "Capablanca mem Open"]
[Site "Havana CUB"]
[Date "2006.11.22"]
[Round "2"]
[White "Perez,Lu"]
[Black "Lawson,E"]
[Result "0-1"]
[WhiteElo "2455"]
[BlackElo "2393"]

1.e4 c5 2.Nf3 Nc6 3.Nc3 e5 4.Bc4 Be7 5.d3 d6 6.O-O Nf6 7.Ng5 O-O 8.f4 Bg4
9.Qe1 exf4 10.Bxf4 Nd4 11.Qh4 h6 12.Nxf7 Rxf7 13.Bxf7+ Kxf7 14.Bxh6 Be6 15.Qh5+ Kg8
16.Qg6 Qf8 17.Rf2 Bf7 18.Qg3 Nh5 19.Qg4 Qc8 20.Qxc8+ Rxc8 21.Raf1 Be6 22.Be3 Nc6
23.Rd2 a6 24.Ne2 Nf6 25.Nf4 Bf7 26.h3 d5 27.exd5 Nxd5 28.Nxd5 Bxd5 29.a3 a5
30.Re1 a4 31.Rb1 Bd6 32.c4 Bf7 33.b3 axb3 34.Rxb3 Nd8 35.Bg5 Ne6 36.Be3 Ra8
37.Rxb7 Rxa3 38.Kf2 Be5 39.Rd7 Bc3 40.Rd1 Ra2+ 41.Kf1 Bh5 42.Rb1 Bf6 43.Rbb7 Be2+
44.Kg1 Ra3 45.Rb6 Nd4 46.Rxf6 gxf6 47.Bxd4 cxd4 48.Rxd4 Bxd3 49.c5 Rc3 50.Rd7 Be4
51.Re7 Bd5 52.Rc7 Rc2 53.g4 Kf8 54.h4 Rg2+ 55.Kf1 Rxg4 56.h5 Rh4 57.c6 Rxh5
58.Rc8+ Ke7  0-1

[Event "ch-Commonwealth"]
[Site "Mumbai IND"]
[Date "2006.11.22"]
[Round "3"]
[White "Short,N"]
[Black "Saptarshi,R"]
[Result "1-0"]
[WhiteElo "2677"]
[BlackElo "2417"]

1.e4 c5 2.Nc3 Nc6 3.Nge2 g6 4.d4 cxd4 5.Nxd4 Bg7 6.Be3 d6 7.Qd2 Nf6 8.f3 O-O
9.O-O-O Bd7 10.g4 Ne5 11.h4 Rc8 12.Be2 b5 13.Ncxb5 Nc4 14.Bxc4 Rxc4 15.Qd3 Ra4
16.Nc3 Rb4 17.h5 Qb8 18.h6 Bh8 19.g5 Rxb2 20.gxf6 Qb4 21.a3 Qxa3 22.Kd2 Rc8
23.Ra1 Qb4 24.Rxa7 Be6 25.Ra4 Qb7 26.fxe7 d5 27.Nxd5 Bxd5 28.exd5 Qxd5 29.Qe4 Qd7
30.Ra7  1-0

[Event "19th Belgrade Trophy"]
[Site "Belgrade SRB"]
[Date "2006.11.23"]
[Round "2"]
[White "Damjanovic,L"]
[Black "Radusinovic,L"]
[Result "0-1"]
[WhiteElo "2117"]
[BlackElo "1990"]

1.e4 c5 2.Nf3 Nc6 3.Nc3 g6 4.a3 Bg7 5.Bc4 d6 6.Rb1 Nf6 7.O-O O-O 8.b4 Nd4
9.Nxd4 cxd4 10.Nd5 Ng4 11.b5 e6 12.Nb4 Qh4 13.h3 Ne5 14.Be2 a5 15.bxa6 bxa6
16.f4 a5 17.Nd3 Nd7 18.Qe1 Qxe1 19.Rxe1 Ba6 20.Nf2 Bxe2 21.Rxe2 Rab8 22.Rxb8 Rxb8
23.Re1 Rc8 24.a4 Rxc2 25.Ba3 Nc5 26.Rb1 Bf8 27.Rb8 Kg7 28.Bxc5 dxc5 29.d3 Bd6
30.Rb5 Bxf4 31.Kf1 Bg3 32.Nd1 Rd2 33.Nb2 Rf2+ 34.Kg1 Rc2 35.Kf1 Rf2+  0-1

[Event "19th Belgrade Trophy"]
[Site "Belgrade SRB"]
[Date "2006.11.23"]
[Round "2"]
[White "Velickovic,Sa"]
[Black "Miladinovic,I"]
[Result "0-1"]
[WhiteElo "2397"]
[BlackElo "2598"]

1.e4 c5 2.Nc3 Nc6 3.Nge2 e6 4.g3 d5 5.exd5 exd5 6.Bg2 Nf6 7.d4 cxd4 8.Nxd4 Bg4
9.Nce2 Bc5 10.h3 Bh5 11.Nb3 Bb6 12.O-O h6 13.Qe1 Bg6 14.Nf4+ Be4 15.Nd2 O-O
16.Nxe4 dxe4 17.Be3 Qc7 18.Rd1 Rad8 19.Qc3 Bxe3 20.Qxe3 Qe5 21.c3 Qa5 22.a3 Qa4
23.Qe2 Ne5 24.Rfe1 Qc4 25.Rxd8 Rxd8 26.Bxe4 Re8 27.Kg2 Qc8 28.Qb5 b6 29.Nd5 Ned7
30.f3 Nxd5 31.Qxd5 Nf6 32.Qd3 g6 33.Re2 Qe6 34.h4 h5 35.Qc2 Qd6 36.Bd3 Rd8
37.Be4 Kg7  0-1

[Event "66th ch-ITA"]
[Site "Cremona ITA"]
[Date "2006.11.23"]
[Round "2"]
[White "Piscopo,P"]
[Black "Vocaturo,D"]
[Result "1/2-1/2"]
[WhiteElo "2380"]
[BlackElo "2441"]

1.e4 c5 2.Nc3 Nc6 3.Nf3 d6 4.d4 cxd4 5.Nxd4 g6 6.Be2 Bg7 7.Nb3 Nf6 8.O-O O-O
9.Bg5 a6 10.Qd2 b5 11.Qe3 Be6 12.Rad1 Qc7 13.Nd5 Bxd5 14.exd5 Ne5 15.c3 Nc4
16.Qc1 e5 17.dxe6 fxe6 18.Bxc4 bxc4 19.Nd4 Rae8 20.Rfe1 Qf7 21.Nf3 Nd5 22.Qc2 Qc7
23.Nd4 Be5 24.Bh6 Rf6 25.Bg5 Rff8 26.Bh6 Rf6 27.Bg5 Rff8 28.Bh6  1/2-1/2

[Event "ch-ESP Abierto"]
[Site "Leon ESP"]
[Date "2006.11.23"]
[Round "2"]
[White "Andres Gonzalez,A"]
[Black "Fernandez de Pablo,M"]
[Result "1-0"]
[WhiteElo "2426"]
[BlackElo "2200"]

1.e4 c5 2.Nf3 Nc6 3.Nc3 Nf6 4.Bb5 e5 5.Bxc6 dxc6 6.Nxe5 Nxe4 7.Nxe4 Qd5 8.d3 Qxe5
9.f4 Qd5 10.c4 Qd8 11.Qe2 Be7 12.O-O O-O 13.f5 Re8 14.Be3 g6 15.g4 gxf5 16.gxf5 Bf6
17.Bxc5 Bd4+ 18.Bxd4 Qxd4+ 19.Qf2 Qxf2+ 20.Rxf2 Re5 21.Raf1 b5 22.c5 b4 23.Nf6+ Kg7
24.d4 Re3 25.Ng4 Re4 26.Rg2 Kf8 27.Nf6  1-0

[Event "19th Belgrade Trophy"]
[Site "Belgrade SRB"]
[Date "2006.11.25"]
[Round "4"]
[White "Savic,Al"]
[Black "Sarenac,I"]
[Result "0-1"]
[WhiteElo "1876"]
[BlackElo "2172"]

1.e4 c5 2.Nf3 Nc6 3.Nc3 Nf6 4.Bc4 e6 5.d3 d6 6.a3 Be7 7.Bf4 O-O 8.O-O a6
9.e5 dxe5 10.Nxe5 Nd4 11.Ne2 b5 12.Ba2 Bb7 13.c3 Nf5 14.d4 Nd5 15.Bd2 Bf6
16.Nf3 cxd4 17.Nfxd4 Nxd4 18.Nxd4 Bxd4 19.cxd4 Ne7 20.Bb4 Re8 21.Qg4 Bd5
22.Bb1 Rc8 23.Bc5 Bc4 24.Re1 Nd5 25.Bc2 Nf6 26.Qh4 h6 27.Qh3 a5 28.Re3 a4
29.Rae1 Kh8 30.Rf3 Rxc5 31.dxc5 Qd2 32.Rfe3 Qxc2 33.Qg3 Qxb2 34.h3 Qd4 35.Qc7 Qd7
36.Qb6 Nd5 37.c6 Qc8 38.Qc5 Nxe3 39.Rxe3 Rd8 40.Rf3 Qc7 41.Rg3 Kh7 42.Kh2 f5
43.f4 Bd5 44.Qxb5 Qxc6 45.Qb2 Qb7 46.Qd4 Rd7 47.Qxa4 Be4 48.Qc4 Rd6 49.Qc5 Rd2
50.h4 Bxg2 51.Qc3 Rb2 52.Kg1 Qb6+  0-1

[Event "ch-ESP Abierto"]
[Site "Leon ESP"]
[Date "2006.11.25"]
[Round "4"]
[White "Llaneza Vega,M"]
[Black "Perez Aleman,P"]
[Result "1-0"]
[WhiteElo "2381"]
[BlackElo "2180"]

1.e4 c5 2.Nc3 Nc6 3.Bb5 Nf6 4.Nf3 Qc7 5.O-O Nd4 6.Re1 a6 7.e5 Nxb5 8.exf6 Nxc3
9.fxg7 Bxg7 10.dxc3 d6 11.Bf4 e5 12.Qd3 Be6 13.Bg3 Bf6 14.c4 h5 15.Bh4 Bxh4
16.Nxh4 Qd7 17.Rad1 O-O-O 18.f4 exf4 19.Rf1 Rhg8 20.Rxf4 Rg4 21.Rdf1 Rdg8
22.g3 R8g5 23.b3 Rxf4 24.Rxf4 Rg4 25.Ng2 Qc6 26.Rxg4 hxg4 27.Nf4 Kc7 28.Qe3 Qd7
29.Qe4 Qc8 30.Kf2 Qd7 31.Ke3 b5 32.cxb5 axb5 33.Qa8 Kb6 34.a4 bxa4 35.bxa4 d5
36.a5+ Kb5 37.a6 d4+ 38.Kf2 Kb6 39.Nd3 Qa7 40.Qxa7+ Kxa7 41.Nxc5 Bf5 42.Nb3 Bxc2
43.Nxd4 Bd3 44.Nc6+ Ka8 45.Ne5 Bxa6 46.Nxf7  1-0

[Event "ch-ESP Abierto"]
[Site "Leon ESP"]
[Date "2006.11.26"]
[Round "5"]
[White "Vigil Alvarez,L"]
[Black "Rodriguez Perez,JosJ"]
[Result "1-0"]
[WhiteElo "2324"]
[BlackElo "2133"]

1.e4 c5 2.Nc3 Nc6 3.Bb5 Nd4 4.Bc4 g6 5.Nf3 Bg7 6.Nxd4 cxd4 7.Qf3 Nh6 8.Ne2 O-O
9.d3 Ng4 10.Bb3 d6 11.Bd2 Ne5 12.Qg3 Nd7 13.h4 h5 14.Qxg6 Ne5 15.Qxh5 Bg4
16.Qg5 e6 17.Qxd8 Rfxd8 18.Ng3 Nd7 19.f3 Be5 20.Ne2 Bh5 21.g4 Bg6 22.f4 Bh8
23.f5 exf5 24.gxf5 Bh7 25.Bh6 Bf6 26.Bg5 Bxg5 27.hxg5 Kg7 28.Nxd4 Ne5 29.O-O-O Rac8
30.Bxf7 Bxf5 31.exf5 Kxf7  1-0

[Event "ch-ESP Abierto"]
[Site "Leon ESP"]
[Date "2006.11.27"]
[Round "6"]
[White "Fernandez Romero,Ern"]
[Black "Fernandez de Pablo,M"]
[Result "1-0"]
[WhiteElo "2442"]
[BlackElo "2200"]

1.e4 c5 2.Nf3 Nc6 3.Nc3 Nf6 4.Bb5 e5 5.Bxc6 dxc6 6.Nxe5 Nxe4 7.Nxe4 Qd5 8.Qe2 Qxe5
9.f4 Qe7 10.f5 Qe5 11.O-O Be7 12.d3 O-O 13.f6 Bxf6 14.Rxf6 gxf6 15.Bd2 Rd8
16.Bc3 Rd4 17.Qf2 Bf5 18.Nxc5 Qxc5 19.Bxd4 Qd6 20.Rf1 b6 21.Qh4 Bg6 22.Rxf6 Qd7
23.Bc3 c5 24.Rf2 Qd8 25.Qh6 Qf8 26.Qg5 Qd6 27.h4 h5 28.Rf6 Qd7 29.Qh6 Qe7
30.Rf2 Qf8 31.Qh8+  1-0

[Event "ch-ESP Abierto"]
[Site "Leon ESP"]
[Date "2006.11.28"]
[Round "7"]
[White "Baron Rodriguez,Je"]
[Black "Llaneza Vega,M"]
[Result "1/2-1/2"]
[WhiteElo "2424"]
[BlackElo "2381"]

1.e4 c5 2.Nc3 Nc6 3.Bb5 Qc7 4.Nge2 e6 5.O-O Nd4 6.Bc4 Nf6 7.d3 a6 8.a4 Be7
9.f4 O-O 10.e5 Ne8 11.Nxd4 cxd4 12.Ne4 d5 13.exd6 Nxd6 14.Nxd6 Bxd6 15.Bd2 b6
16.Qe2 Bb7 17.Rae1 Bd5 18.Bxd5 exd5 19.c3 Qd7 20.Qf3 Bc5 21.Kh1 Qxa4 22.f5 f6
23.Qxd5+ Kh8 24.Bf4 Rad8 25.Qf3 Qb3 26.c4 Qxb2 27.Rb1 Qc2 28.Rfc1 Qa4 29.Bc7 Rde8
30.Bxb6 Bxb6 31.Rxb6 Re3 32.Qd1 Rfe8 33.h3 Qa5 34.Re6 Qxf5 35.Rxe8+ Rxe8
36.c5 h6 37.Qa4 Re2 38.Qxd4 Qg5 39.Rg1 Rc2 40.Qd8+ Kh7 41.d4 Qf4 42.Qc8 Qe4
43.Qxa6 Qxd4 44.c6 Qe4 45.Qa5 Qxc6 46.Qf5+ Kg8 47.Qg6 Rc1 48.Rxc1 Qxc1+ 49.Kh2 Qg5
50.Qe8+ Kh7 51.Qc6 Qe5+ 52.Kg1 Qe1+ 53.Kh2 f5 54.Qd7 Qe5+ 55.Kg1 Kg6 56.Qb7 f4
57.Qc6+ Kg5 58.Qd7 h5 59.Qd8+ Kg6 60.Kf1 Qe3 61.Qd6+ Kh7 62.Qd5 Kh6 63.Qd6+ Kh7  1/2-1/2

[Event "ch-ESP Abierto"]
[Site "Leon ESP"]
[Date "2006.11.28"]
[Round "7"]
[White "De la Villa Garcia,J"]
[Black "Gonzalez Galvan,J"]
[Result "1-0"]
[WhiteElo "2460"]
[BlackElo "2283"]

1.e4 c5 2.Nf3 Nc6 3.Nc3 Nf6 4.Bb5 Nd4 5.e5 Nxb5 6.Nxb5 Nd5 7.Ng5 f5 8.O-O a6
9.Nc3 Nxc3 10.dxc3 Qb6 11.a4 Qc6 12.b4 b5 13.axb5 axb5 14.Rxa8 Qxa8 15.e6 dxe6
16.Qe2 Qc6 17.Re1 g6 18.Qe5 Rg8 19.Qb8 Bh6 20.Rxe6 Qd7 21.Re1 Bxg5 22.Bxg5 Rg7
23.bxc5 e6 24.h3 Kf7 25.Ra1 Qc6 26.Ra7+ Kg8 27.Ra8 Rc7 28.Bf4  1-0

[Event "ch-ESP Abierto"]
[Site "Leon ESP"]
[Date "2006.11.28"]
[Round "7"]
[White "Lacasa Diaz,J"]
[Black "Vega Gutierrez,S"]
[Result "0-1"]
[WhiteElo "2410"]
[BlackElo "2299"]

1.e4 c5 2.Nf3 Nc6 3.Nc3 Nf6 4.Bb5 Qc7 5.O-O Nd4 6.Nxd4 cxd4 7.Nd5 Nxd5 8.exd5 Qc5
9.c4 a6 10.b4 Qxb4 11.Ba4 b5 12.Bc2 Qxc4 13.Bb3 Qd3 14.Bc2 Qc4 15.Bb3 Qd3
16.Bb2 Bb7 17.Rc1 Qf5 18.Bxd4 e6 19.dxe6 dxe6 20.Be3 Qg6 21.f3 Bd6 22.Qe1 O-O
23.Bc2 Qh5 24.f4 Rac8 25.Qg3 Rfd8 26.Bb3 Bd5 27.Bb6 Re8 28.Bd4 Qg6 29.Qxg6 hxg6
30.Bxd5 exd5 31.g3 Rc4 32.Be3 Ba3 33.Rxc4 dxc4 34.Kf2 Rd8 35.Ke2 f5 36.g4 b4
37.Rg1 Kf7 38.h4 Rh8 39.Bd4 Rxh4 40.gxf5 gxf5 41.Rxg7+ Ke6 42.Rg6+ Kd5 43.Bf2 Rh2
44.Rxa6 Bb2 45.Ra8 Ke4 46.Re8+ Kxf4 47.Re3 Bd4  0-1

[Event "29th ch-GRE w"]
[Site "Athens GRE"]
[Date "2006.11.29"]
[Round "5"]
[White "Makka,I"]
[Black "Makropoulou,M"]
[Result "1-0"]
[WhiteElo "2204"]
[BlackElo "2313"]

1.e4 c5 2.Nc3 Nc6 3.Nge2 Nf6 4.g3 d5 5.exd5 Nd4 6.Nxd4 cxd4 7.Nb5 e5 8.c4 a6
9.Na3 Bd6 10.Bg2 O-O 11.O-O Bg4 12.f3 Bh5 13.d3 Nd7 14.Nc2 f5 15.b4 b6 16.Qe1 Rc8
17.Nxd4 Qe7 18.Nc6 Qf7 19.Bb2 Rce8 20.Qd2 h6 21.d4 f4 22.dxe5 Nxe5 23.Nxe5 Bxe5
24.Bxe5 Rxe5 25.g4 Bg6 26.Rae1 Rfe8 27.Rxe5 Rxe5 28.Re1 Rxe1+ 29.Qxe1 Qc7
30.Qe2 Bf7 31.Qe4 Qd6 32.a3 a5 33.Bf1 axb4 34.axb4 Qxb4 35.Qxf4 Bg6 36.d6 Qc5+
37.Kg2 Qc6 38.Qd4 Be8 39.Bd3 Bd7 40.Bf5 Bxf5 41.gxf5 Qd7 42.Qd5+ Kf8 43.Qe6 Qd8
44.Qg6 h5 45.Kh3 Qa8 46.Kg3 Qa1 47.Kh4 Qd4+ 48.Kxh5 Qxc4 49.d7  1-0

[Event "19th Belgrade Trophy"]
[Site "Belgrade SRB"]
[Date "2006.11.30"]
[Round "9"]
[White "Ljangov,P"]
[Black "Chelushkina,I"]
[Result "0-1"]
[WhiteElo "2150"]
[BlackElo "2353"]

1.e4 c5 2.Nf3 Nc6 3.Nc3 d6 4.d4 cxd4 5.Nxd4 e5 6.Nb3 Be6 7.Be2 Nf6 8.Be3 Be7
9.O-O a5 10.Nd5 O-O 11.f3 a4 12.Nc1 Bxd5 13.exd5 Nd4 14.c4 Nd7 15.Nd3 Nf5
16.Bf2 Bg5 17.Kh1 Ne3 18.Bxe3 Bxe3 19.Rb1 f5 20.Qe1 Rf6 21.Bd1 Bd4 22.g4 fxg4
23.fxg4 e4 24.Nb4 Rxf1+ 25.Qxf1 Qh4 26.Nc2 Rf8 27.Qxf8+ Nxf8 28.Nxd4 Qe1+
29.Kg2 Qd2+ 30.Ne2 Ng6 31.Kf1 Ne5  0-1

[Event "19th Belgrade Trophy"]
[Site "Belgrade SRB"]
[Date "2006.11.30"]
[Round "9"]
[White "Kojovic,D"]
[Black "Pap,M"]
[Result "1/2-1/2"]
[WhiteElo "2367"]
[BlackElo "2430"]

1.e4 c5 2.Nf3 Nc6 3.Nc3 e5 4.Bc4 Be7 5.d3 d6 6.Nd2 Nf6 7.Nf1 a6 8.a3 b5 9.Ba2 Bg4
10.f3 Be6 11.Ne3 Nh5 12.Ned5 O-O 13.O-O Bg5 14.Rf2 Nd4 15.Bxg5 Qxg5 16.Qc1 Qd8
17.g4 Nf6 18.Qg5 Bxd5 19.Nxd5 Nxd5 20.Qxd8 Raxd8 21.exd5 b4 22.axb4 cxb4
23.Bc4 f5 24.c3 bxc3 25.bxc3 Nb5 26.Bxb5 axb5 27.Ra6 Rd7 28.Rb6 Rc8 29.Rc2 Rc5
30.c4 bxc4 31.dxc4 fxg4 32.fxg4 Kf7 33.Kf2 Kf6 34.Kf3 Kg5 35.Kg3 Kf6 36.Kf3 Ke7
37.Ke4 Rdc7 38.Kd3 Ra5 39.Rcb2 Kd7 40.R2b5 Raa7 41.Rb8 Ke7 42.R8b6 Ra3+ 43.Rb3 Rca7
44.c5 Rxb3+ 45.Rxb3 dxc5 46.Ke4 Ra2 47.Rb7+ Kd6 48.Rb6+ Kd7 49.Rb7+ Kd6 50.Rb6+ Kc7
51.Rc6+ Kd7 52.Kxe5 Re2+ 53.Kf5 g6+ 54.Kf6 Rxh2 55.Rxc5 Kd6 56.Ra5 h5 57.g5 h4
58.Kxg6 Rg2 59.Kf5 h3 60.Ra6+ Kxd5 61.Rh6 Rf2+ 62.Kg4 Rg2+ 63.Kxh3 Rxg5  1/2-1/2

[Event "ch-ESP Abierto"]
[Site "Leon ESP"]
[Date "2006.11.30"]
[Round "9"]
[White "Vigil Alvarez,L"]
[Black "Lorente Penalba,D"]
[Result "1/2-1/2"]
[WhiteElo "2324"]
[BlackElo "2150"]

1.e4 c5 2.Nc3 Nc6 3.Bb5 Nd4 4.Bc4 e6 5.Nge2 Nf6 6.O-O a6 7.a4 Nxe4 8.Nxe4 d5
9.Bd3 dxe4 10.Bxe4 Bd6 11.d3 Qc7 12.h3 Bd7 13.c3 Nxe2+  1/2-1/2

[Event "Polyarniy Krug"]
[Site "Salekhard RUS"]
[Date "2006.11.30"]
[Round "2"]
[White "Kotsur,P"]
[Black "Kochetkova,J"]
[Result "1-0"]
[WhiteElo "2587"]
[BlackElo "2342"]

1.e4 c5 2.Nf3 Nc6 3.Nc3 e5 4.Bc4 Be7 5.d3 d6 6.h3 Nf6 7.a3 O-O 8.O-O h6 9.Ba2 Nd4
10.Nxd4 cxd4 11.Ne2 d5 12.f4 exf4 13.e5 Nd7 14.Bxf4 Bg5 15.Qe1 Qe7 16.Qb4 Qxb4
17.axb4 Be7 18.Nxd4 Bxb4 19.Nb5 Ba5 20.Bxd5 Bb6+ 21.d4 Nb8 22.c3 Nc6 23.Nd6 Nd8
24.Bg3  1-0

[Event "ch-ROM w"]
[Site "Predeal ROM"]
[Date "2006.12.01"]
[Round "5"]
[White "Traistaru,T"]
[Black "Jicman,L"]
[Result "1/2-1/2"]
[WhiteElo "2126"]
[BlackElo "2178"]

1.e4 c5 2.Nc3 Nc6 3.Nf3 g6 4.Bb5 Bg7 5.O-O b6 6.Bxc6 dxc6 7.d3 Nf6 8.Bg5 Nd7
9.Qd2 h6 10.Be3 e5 11.Ne1 Nf8 12.f4 exf4 13.Bxf4 Ne6 14.Be3 Nd4 15.Qf2 Be6
16.Nf3 Qd7 17.Bxd4 Bxd4 18.Nxd4 Qxd4  1/2-1/2

[Event "Polyarniy Krug"]
[Site "Salekhard RUS"]
[Date "2006.12.01"]
[Round "3"]
[White "Potapov,P"]
[Black "Kabanov,N"]
[Result "0-1"]
[WhiteElo "2406"]
[BlackElo "2521"]

1.e4 c5 2.Nf3 Nc6 3.Nc3 g6 4.d4 cxd4 5.Nxd4 Bg7 6.Nde2 d6 7.g3 h5 8.h3 Bd7
9.Bg2 Qc8 10.Nd5 Nf6 11.Nef4 Nxd5 12.Nxd5 Rb8 13.a4 O-O 14.c3 Re8 15.Bg5 b5
16.a5 Be6 17.Qd2 b4 18.c4 Bxd5 19.exd5 Nd4 20.Qd3 b3 21.O-O Nc2 22.Rab1 Rb4
23.Be3 a6 24.Rfd1 Qxc4 25.Qxc4 Rxc4 26.Bb6 Nb4 27.Bf1 Rc2 28.Bd4 Rb8 29.h4 Bxd4
30.Rxd4 Rc5 31.g4 hxg4 32.Rxg4 Kf8 33.h5 gxh5 34.Rg5 Rxd5 35.Rxd5 Nxd5 36.Bxa6 Ra8
37.Bc4 Rxa5 38.Bxb3 Nf4  0-1

[Event "ch-RUS w"]
[Site "Gorodets RUS"]
[Date "2006.12.02"]
[Round "2"]
[White "Tairova,E"]
[Black "Bodnaruk,A"]
[Result "1-0"]
[WhiteElo "2415"]
[BlackElo "2255"]

1.e4 c5 2.Nc3 Nc6 3.Nf3 e5 4.Bc4 d6 5.d3 Be7 6.O-O Nf6 7.Ng5 O-O 8.f4 Bg4
9.Qe1 exf4 10.Bxf4 Nd4 11.Qd2 Qd7 12.Kh1 b5 13.Bd5 Rae8 14.Bb3 a5 15.Nd5 a4
16.Nxf6+ gxf6 17.Bxf7+ Rxf7 18.Nxf7 Kxf7 19.Rae1 Kg8 20.Bg3 Kh8 21.Bh4 f5
22.Bxe7 Rxe7 23.c3 Nc6 24.h3 Bh5 25.Qh6 Bf7 26.exf5 Bg8 27.f6 Rf7 28.Re3 Qd8
29.Qg5 Qf8 30.Kh2 Ne5 31.d4 Nd7 32.Re6 b4 33.cxb4 cxb4 34.Qf4 d5 35.g4 Qc8
36.Rc1 Qd8 37.g5 Nf8 38.Rec6 Ng6 39.Qg3 Qe8 40.Qf3 Qb8+ 41.Kh1 Rf8 42.Rc7 Qe8
43.Rb7 Nh4 44.Qg4 Qe3 45.Rf1 Qd3 46.Rf2 Qe4+ 47.Qxe4 dxe4 48.f7 Nf3 49.fxg8=Q+ Rxg8
50.Re7 Rxg5 51.Rg2 Rxg2 52.Kxg2 Ne1+ 53.Kf1 Nd3 54.d5 Nc5 55.d6 b3 56.axb3  1-0

[Event "ch-ROM"]
[Site "Predeal ROM"]
[Date "2006.12.02"]
[Round "6"]
[White "Szabo,G ROM"]
[Black "Grigore,Ge"]
[Result "1/2-1/2"]
[WhiteElo "2465"]
[BlackElo "2480"]

1.e4 c5 2.Nf3 Nc6 3.Nc3 e5 4.Bc4 Be7 5.d3 Nf6 6.Nd2 d6 7.Nf1 Bg4 8.f3 Be6
9.Ne3 O-O 10.Ncd5 Rb8 11.a3 b5 12.Ba2 Nd7 13.O-O Nb6 14.Kh1  1/2-1/2

[Event "Polyarniy Krug"]
[Site "Salekhard RUS"]
[Date "2006.12.02"]
[Round "4"]
[White "Kotsur,P"]
[Black "Obodchuk,A"]
[Result "1-0"]
[WhiteElo "2587"]
[BlackElo "2406"]

1.e4 c5 2.Nf3 Nc6 3.Nc3 d6 4.d4 cxd4 5.Nxd4 Nf6 6.f4 e5 7.Nf3 Be7 8.Bd3 O-O
9.O-O exf4 10.Bxf4 Be6 11.Kh1 Nd7 12.Be2 Nde5 13.Nd5 Re8 14.Qd2 Bf8 15.Bg3 Nxf3
16.Rxf3 Rc8 17.c3 a6 18.Rd3 Ne5 19.Rd4 Nc6 20.Ra4 Bd7 21.Rf1 Ne7 22.Nxe7+ Qxe7
23.Rd4 Rc6 24.e5 Bc8 25.Bh5 dxe5 26.Bxf7+ Qxf7 27.Rxf7 exd4 28.Rc7 dxc3 29.bxc3 Rxc7
30.Bxc7 Bd7 31.Qd5+ Kh8 32.Be5 Bc6 33.Qd4 h6 34.h4 Kg8 35.Kh2 Re7 36.g4 Rd7
37.Qf4 Rd1 38.g5 hxg5 39.hxg5 Be8 40.Qf5 Rd5 41.Qe4 Rc5 42.Bd4 Bd6+ 43.Kh3 Bd7+
44.Kh4 Rf5 45.Be3 b5 46.Qd4  1-0

[Event "29th ch-GRE w"]
[Site "Athens GRE"]
[Date "2006.12.03"]
[Round "9"]
[White "Makka,I"]
[Black "Stiri,A"]
[Result "1-0"]
[WhiteElo "2204"]
[BlackElo "2252"]

1.e4 c5 2.Nf3 Nc6 3.Nc3 e5 4.Bc4 d6 5.d3 Be7 6.Nd2 Nf6 7.Nf1 O-O 8.Ne3 Be6
9.Ncd5 Na5 10.Qf3 Nxd5 11.Bxd5 Bxd5 12.Nxd5 Bg5 13.Bxg5 Qxg5 14.h4 Qd8 15.Rh3 Nc6
16.Qg4 Nd4 17.Rg3 g6 18.O-O-O Kh8 19.h5 Rg8 20.Rh1 f5 21.hxg6 Qd7 22.exf5 Rg7
23.f6 Qxg4 24.fxg7+  1-0

[Event "XV Asiad Men's Rapid"]
[Site "Doha QAT"]
[Date "2006.12.03"]
[Round "5"]
[White "Hakki,I"]
[Black "Kojima,S"]
[Result "0-1"]
[WhiteElo "2433"]
[BlackElo "2187"]

1.e4 c5 2.Nc3 Nc6 3.Nf3 g6 4.d4 cxd4 5.Nxd4 Bg7 6.Be3 Nf6 7.Bc4 d6 8.f3 O-O
9.Qd2 Bd7 10.O-O-O Rb8 11.Bb3 Na5 12.Bh6 Bxh6 13.Qxh6 b5 14.Kb1 e5 15.Nde2 Nxb3
16.axb3 b4 17.Na4 Bxa4 18.bxa4 b3 19.Qd2 bxc2+ 20.Qxc2 Qb6 21.Nc3 Rfc8 22.g4 Rc4
23.g5 Nd7 24.Rd2 Nc5 25.Rhd1 Qa5 26.Rxd6 Rxc3 27.Qd2 Rxb2+ 28.Kxb2 Qb4+  0-1

[Event "ch-ROM w"]
[Site "Predeal ROM"]
[Date "2006.12.03"]
[Round "7"]
[White "Paulet,I"]
[Black "Gheorghe,C"]
[Result "0-1"]
[WhiteElo "2167"]
[BlackElo "2265"]

1.e4 c5 2.Nc3 Nc6 3.Bb5 Nd4 4.Bc4 e6 5.Nf3 a6 6.d3 b5 7.Bb3 Bb7 8.Nxd4 cxd4
9.Ne2 Bc5 10.O-O Ne7 11.Ng3 O-O 12.Qh5 Rc8 13.f4 g6 14.Qg4 f5 15.exf5 Nxf5
16.Nxf5 Rxf5 17.Bd2 Qc7 18.h4 Rcf8 19.Rae1 Bd6 20.g3 a5 21.c3 a4 22.Bd1 a3
23.cxd4 axb2 24.Bb3 Bd5 25.Qd1 Ra8 26.Bxd5 Rxd5 27.Qb3 Qa7 28.Bc3 Qxa2 29.Qxb2 Qxb2
30.Bxb2 Ra2 31.Rb1 Ba3 32.Bc3 Rc2 33.Bb4 Bb2 34.Rfd1 Bxd4+ 35.Kh1 Bb2 36.Rd2 Rxd2
37.Bxd2 Ba3 38.Rb3 Bd6  0-1

[Event "ch-ROM"]
[Site "Predeal ROM"]
[Date "2006.12.03"]
[Round "7"]
[White "Preda,M"]
[Black "Moldovan,D"]
[Result "1-0"]
[WhiteElo "2094"]
[BlackElo "2450"]

1.e4 c5 2.Nc3 Nc6 3.Bb5 Nd4 4.Bc4 e6 5.Nf3 a6 6.a4 Ne7 7.Nxd4 cxd4 8.Ne2 Nc6
9.d3 Bc5 10.O-O O-O 11.Ng3 d5 12.exd5 exd5 13.Bb3 Be6 14.f4 f5 15.Qf3 Qd7
16.Bd2 Bf7 17.Be1 Rfe8 18.Bf2 g6 19.h3 Re7 20.Rfe1 Rae8 21.Rxe7 Rxe7 22.Ne2 Qd6
23.a5 Ba7 24.Ra4 Rxe2 25.Qxe2 Qxf4 26.Ra1 Bb8 27.Qf3 Qh2+ 28.Kf1 Bf4 29.Bg1 Qg3
30.Bxd5 Bxd5 31.Qxd5+ Kg7 32.Qf3 Qxf3+ 33.gxf3 Kf6 34.Ra4 Be5 35.Kg2 Ke6
36.Bf2 Kd5 37.Be1 Kc5 38.c3 Kb5 39.Ra3 dxc3 40.bxc3  1-0

[Event "Polyarniy Krug"]
[Site "Salekhard RUS"]
[Date "2006.12.03"]
[Round "5"]
[White "Chuprov,D"]
[Black "Savitskaya,N"]
[Result "1-0"]
[WhiteElo "2511"]
[BlackElo "1932"]

1.e4 c5 2.Nf3 Nc6 3.Nc3 d6 4.d4 cxd4 5.Nxd4 Nf6 6.Bc4 e6 7.Be3 Be7 8.Qe2 a6
9.O-O-O O-O 10.Rhg1 Nxd4 11.Bxd4 b5 12.Bb3 Bb7 13.e5 dxe5 14.Qxe5 Rc8 15.Kb1 Qc7
16.f3 Qxe5 17.Bxe5 Rfd8 18.a4 b4 19.Na2 Nd5 20.Rge1 a5 21.Nc1 Bd6 22.Nd3 Be7
23.Nf4 Nxf4 24.Bxf4 Rxd1+ 25.Rxd1 Rd8 26.Rxd8+ Bxd8 27.Bc4 Bc6 28.Bb5 Bb7
29.Bd2 Bc7 30.h3 e5 31.Bd3 Bc6 32.b3 Bd5 33.Kb2 g6 34.c3 bxc3+ 35.Kxc3 Bb6
36.b4 Bd4+ 37.Kc2 axb4 38.Bxb4 f5 39.Bc3 Bxc3 40.Kxc3 Kf8 41.Kb4 Ke7 42.Kc5 Ba8
43.a5 Kf6 44.Be2 e4 45.f4 g5 46.g3 h6 47.Kd6 e3 48.a6 Be4 49.Kc5 Kg6 50.Kd4 gxf4
51.gxf4 Bg2 52.Kxe3  1-0

[Event "XV Asiad Men's Rapid"]
[Site "Doha QAT"]
[Date "2006.12.04"]
[Round "7"]
[White "Reefat,S"]
[Black "Amanov,M"]
[Result "1-0"]
[WhiteElo "2489"]
[BlackElo "2339"]

1.e4 c5 2.Nc3 Nc6 3.Bb5 g6 4.Bxc6 bxc6 5.d3 Bg7 6.f4 Nf6 7.Nf3 O-O 8.O-O Rb8
9.Qe1 d5 10.e5 Ng4 11.h3 Nh6 12.Na4 Rb5 13.b3 Nf5 14.c4 Rb8 15.Nxc5 h5 16.Bd2 Qb6
17.Qf2 Rd8 18.Rac1 h4 19.Rfd1 Bh6 20.b4 dxc4 21.dxc4 Be6 22.a3 a5 23.bxa5 Qb2
24.a6 Qxa3 25.Ra1 Qb2 26.a7 Ra8 27.Nxe6 fxe6 28.Be3 Qxf2+ 29.Bxf2 Rxd1+ 30.Rxd1 Bxf4
31.Rb1 Kg7 32.Rb8  1-0

[Event "75th ch-UKR w"]
[Site "Odessa UKR"]
[Date "2006.12.04"]
[Round "9"]
[White "Zdebskaja,N"]
[Black "Ivanova,S1"]
[Result "1/2-1/2"]
[WhiteElo "2343"]
[BlackElo "2228"]

1.e4 c5 2.Nf3 Nc6 3.Nc3 e5 4.Bc4 Be7 5.d3 Nf6 6.Nd2 d6 7.Nf1 Bg4 8.f3 Be6
9.Ne3 a6 10.a4 Nb4 11.Qe2 O-O 12.O-O Re8 13.Bxe6 fxe6 14.f4 exf4 15.Rxf4 Nc6
16.g4 Nd7 17.Rf1 Nde5 18.Qg2 Nd4 19.Ne2 Nxe2+ 20.Qxe2 Bg5 21.Qg2 Qe7 22.Bd2  1/2-1/2